[Event "Nordic Girls CC 2025 U13"]
[Site "Fredericia"]
[Date "2025.04.26"]
[Round "2.9"]
[White "Sigurdardottir, Sigrun Tara"]
[Black "Morkore, Natasja"]
[Result "1/2-1/2"]
[WhiteElo "1421"]
[BlackElo "1411"]
[EventDate "2025.04.25"]
[EventType "swiss"]
[EventRounds "5"]
[EventCountry "DEN"]
[SourceTitle "Live v. Kasper Jerwiarz"]

1. d4 d5 2. Bf4 Nc6 3. Nf3 Nf6 4. e3 Bg4 5. Be2 e6 6. c3 Bd6 7. Bxd6 Qxd6 8. h3 Bh5 9. Nbd2 O-O 10. O-O Rfe8 11. Re1 e5 12. dxe5 Nxe5 13. Nxe5 Bxe2 14. Nxf7 Bxd1 15. Nxd6 cxd6 16. Rexd1 Re6 17. Rac1 b5 18. Nf3 a6 19. Nd4 Re5 20. Ra1 Ne4 21. a4 bxa4 22. Rxa4 Rb8 23. Nc6 Rxb2 24. Nxe5 Nxc3 25. Rxa6 dxe5 26. Rda1 h6 27. Rc6 Ne4 28. f3 Nf6 29. Rd1 Kh7 30. Re6 e4 31. fxe4 dxe4 32. Re1 Rb3 33. Kh2 Kg6 34. Re5 h5 35. Kg3 Rb2 36. Rf1 h4+ 37. Kh2 Re2 38. Rxf6+ gxf6 39. Rxe4 f5 40. Rxh4 Rxe3 41. Rf4 Kg5 42. Rf3 Re2 43. Kg3 Re4 44. Rd3 Rc4 45. Kf3 Rf4+ 46. Kg3 Rc4 47. Kf3 Rf4+ 48. Kg3 1/2-1/2

[Event "Nordic Girls CC 2025 U13"]
[Site "Fredericia"]
[Date "2025.04.26"]
[Round "2.10"]
[White "Skibina, Miroslava"]
[Black "Skytte, Amanda"]
[Result "0-1"]
[WhiteElo "1427"]
[BlackElo "1335"]
[EventDate "2025.04.25"]
[EventType "swiss"]
[EventRounds "5"]
[EventCountry "DEN"]
[SourceTitle "Live v. Kasper Jerwiarz"]

1. e4 c6 2. d4 d5 3. Nc3 dxe4 4. Nxe4 Nf6 5. Nxf6+ exf6 6. Be3 Bd6 7. Bd3 O-O 8. Ne2 Be6 9. c4 Nd7 10. Qc2 g6 11. O-O Re8 12. Rad1 Nf8 13. c5 Bb8 14. Bc4 Qc7 15. g3 h5 16. Bf4 Qd7 17. Bxb8 Raxb8 18. Nf4 Rbd8 19. d5 cxd5 20. Bxd5 Bxd5 21. Nxd5 Qc6 22. Ne7+ Rxe7 23. Rxd8 Qc7 24. Rd6 b6 25. Rxf6 bxc5 26. b4 Qb7 27. bxc5 Nh7 28. Rd6 Ng5 29. Rd8+ Kh7 30. c6 Qc7 31. Rfd1 Re6 32. Qb2 Re5 33. R1d7 Qxc6 34. Qxe5 Nf3+ 35. Kf1 Nxe5 36. Rd5 Qc1+ 37. Rd1 Qc4+ 38. Kg1 Qe4 39. Re8 Nf3+ 40. Kg2 Qxe8 41. Kxf3 Qc6+ 42. Ke2 Qc4+ 43. Rd3 Qxa2+ 44. Rd2 Qe6+ 45. Kf1 a5 46. Rd4 Qa6+ 47. Kg1 a4 48. Rd1 a3 49. Ra1 a2 50. f4 Kg7 51. h4 Kf6 52. Kf2 Qb6+ 53. Ke2 Qb2+ 54. Kd3 Qxa1 55. Kc2 Qb1+ 56. Kd2 a1=Q 57. Ke2 Qaa2+ 58. Ke3 Qbb3+ 59. Kd4 Qaa4+ 60. Kc5 Qbb5+ 61. Kd6 Qaa6+ 62. Kc7 Qbb7+ 63. Kd8 Qaa8# 0-1

[Event "Nordic Girls CC 2025 U13"]
[Site "Fredericia"]
[Date "2025.04.26"]
[Round "2.11"]
[White "Jensen, Helena Egilstrod"]
[Black "Prokofieva, Alexandra"]
[Result "0-1"]
[WhiteElo "1331"]
[BlackElo "1425"]
[EventDate "2025.04.25"]
[EventType "swiss"]
[EventRounds "5"]
[EventCountry "DEN"]
[SourceTitle "Live v. Kasper Jerwiarz"]

1. e4 c6 2. Nf3 d5 3. d3 Bg4 4. h3 Bh5 5. g4 Bg6 6. h4 f6 7. Bf4 e5 8. Bd2 h6 9. Rg1 dxe4 10. dxe4 Bxe4 11. Nc3 Bh7 12. g5 g6 13. Ne4 f5 14. gxf6 Nxf6 15. Qe2 Nbd7 16. O-O-O Qc7 17. Bc3 O-O-O 18. Qe1 Nxe4 19. Ba5 b6 20. Bc3 Nxc3 21. Qxc3 Bd6 22. Ba6+ Kb8 23. Rge1 b5 24. Qb3 Bg8 25. Qd3 Nc5 26. Qa3 Na4 27. Qe3 e4 28. Qxe4 Bd5 29. Qe3 Bf4 30. Qxf4 Qxf4+ 31. Nd2 Qd4 32. Re7 Qxb2# 0-1

[Event "Nordic Girls CC 2025 U13"]
[Site "Fredericia"]
[Date "2025.04.26"]
[Round "2.12"]
[White "Vesterbaek, Mathilde Rath"]
[Black "Chatleh, Leen"]
[Result "1-0"]
[WhiteElo "1604"]
[BlackElo "1205"]
[EventDate "2025.04.25"]
[EventType "swiss"]
[EventRounds "5"]
[EventCountry "DEN"]
[SourceTitle "Live v. Kasper Jerwiarz"]

1. e4 e5 2. Nf3 Nc6 3. Bc4 Nf6 4. Nc3 Bb4 5. O-O Bxc3 6. dxc3 Nxe4 7. Qd5 Nd6 8. Nxe5 O-O 9. Bb3 Nxe5 10. Qxe5 Qe8 11. Qg3 Ne4 12. Qxc7 Qe7 13. Be3 b6 14. Bd5 Bb7 15. Qxb7 Rab8 16. Qxa7 Nd6 17. Qa3 Ra8 18. Bxa8 Nc4 19. Qxe7 Rxa8 20. Qxd7 Rb8 21. Qc7 Re8 22. Qxc4 h5 23. Bxb6 Rb8 24. Qd4 f6 25. a4 h4 26. a5 g5 27. Qxf6 g4 28. Qg6+ Kh8 29. Bd4# 1-0

[Event "Nordic Girls CC 2025 U13"]
[Site "Fredericia"]
[Date "2025.04.26"]
[Round "2.13"]
[White "Hagen, Vilje Bjerregaard"]
[Black "Jensen, Melina Hjort Osterskov"]
[Result "1-0"]
[WhiteElo "1200"]
[BlackElo "1500"]
[EventDate "2025.04.25"]
[EventType "swiss"]
[EventRounds "5"]
[EventCountry "DEN"]
[SourceTitle "Live v. Kasper Jerwiarz"]

1. e4 e5 2. Nf3 Nc6 3. Be2 Nf6 4. Nc3 Bc5 5. O-O d6 6. d3 h6 7. Bd2 Be6 8. Qc1 Nd4 9. Nxd4 Bxd4 10. Nb5 Bc5 11. Nc3 d5 12. exd5 Nxd5 13. Nxd5 Bxd5 14. a3 Qd6 15. b4 Bd4 16. c3 Qg6 17. Bg5 Qxg5 18. Qxg5 hxg5 19. cxd4 O-O-O 20. Bg4+ Be6 21. Bxe6+ fxe6 22. Rfe1 Rxd4 23. Rxe5 Rxd3 24. Ree1 Rhd8 25. h3 b6 26. Kh2 Rd2 27. Rf1 Re2 28. Rh1 Rxf2 29. a4 Rdd2 30. Rhg1 Ra2 31. Rxa2 Rxa2 32. a5 bxa5 33. bxa5 Rxa5 34. Re1 c5 35. Rxe6 c4 36. Rc6+ Kb7 37. Rxc4 Ra2 38. Rg4 a5 39. Rxg5 Ra1 40. Rxg7+ Kb6 41. Rg4 a4 42. Rxa4 Rxa4 43. g3 Kc5 44. h4 Kd4 45. Kh3 Ke3 46. g4 Kf2 47. g5 Ra3+ 48. Kg4 Kg2 49. Kh5 Ra8 50. g6 Kg3 51. Kg5 Rg8 52. h5 Ra8 53. h6 Ra5+ 54. Kf6 Ra6+ 55. Kf7 Ra7+ 56. Kf6 Ra6+ 57. Kg7 Ra7+ 58. Kh8 Ra8+ 59. Kh7 Ra7+ 60. g7 Kh4 61. Kh8 Ra6 62. g8=Q Rxh6+ 63. Kg7 Rh5 64. Qd8+ Rg5+ 65. Kf6 Kh5 66. Qh8+ Kg4 67. Qc8+ Kh4 68. Qc1 Rg2 69. Kf5 Rf2+ 70. Ke4 Kg3 71. Ke3 Rf3+ 72. Ke4 Kf2 73. Qd1 Re3+ 74. Kd4 Re1 75. Qd2+ Re2 76. Qg5 Ke1 77. Kd3 Ra2 78. Qg1# 1-0

[Event "Nordic Girls CC 2025 U13"]
[Site "Fredericia"]
[Date "2025.04.26"]
[Round "2.14"]
[White "Fleischer, Sofie Emilie Jilso"]
[Black "Harpsoe, Naya"]
[Result "0-1"]
[WhiteElo "1200"]
[BlackElo "1451"]
[EventDate "2025.04.25"]
[EventType "swiss"]
[EventRounds "5"]
[EventCountry "DEN"]
[SourceTitle "Live v. Kasper Jerwiarz"]

1. e4 c6 2. d3 d5 3. f3 e6 4. Bd2 Nd7 5. Nc3 Ngf6 6. Qe2 d4 7. O-O-O dxc3 8. Bxc3 e5 9. g3 Bd6 10. a4 c5 11. Bh3 O-O 12. b3 b6 13. Qf2 Nb8 14. Bf1 Nc6 15. Nh3 h6 16. Bd2 a5 17. g4 Be7 18. c4 Nd4 19. Bc3 Nxf3 20. Qxf3 Bxg4 21. Bg2 Bxf3 22. Bxf3 Qd7 23. Rhg1 Qxh3 24. Bh5 Nxh5 25. Bd2 Nf4 26. Bxf4 exf4 27. e5 f6 28. Rgf1 fxe5 29. Rd2 Qxf1+ 30. Kb2 Rad8 31. Rd1 Qe2+ 32. Kb1 Qxd1+ 33. Ka2 Rxd3 34. Ka3 Qa1# 0-1

[Event "Nordic Girls CC 2025 U13"]
[Site "Fredericia"]
[Date "2025.04.26"]
[Round "2.15"]
[White "Andersen, Andrea Kildebjerg"]
[Black "Efimova, Paulina"]
[Result "0-1"]
[WhiteElo "1363"]
[BlackElo "1200"]
[EventDate "2025.04.25"]
[EventType "swiss"]
[EventRounds "5"]
[EventCountry "DEN"]
[SourceTitle "Live v. Kasper Jerwiarz"]

1. e4 c6 2. Nf3 d5 3. Bd3 Nf6 4. Nc3 Bg4 5. exd5 cxd5 6. b3 e6 7. Bb2 a6 8. O-O Bd6 9. Ne2 Bxf3 10. Bxf6 Qxf6 11. gxf3 Qxf3 12. Ng3 Qxd1 13. Raxd1 O-O 14. Rde1 Bf4 15. Re2 Nc6 16. Nh5 Bg5 17. Kh1 g6 18. Rg1 Be7 19. Re3 Nb4 20. a3 Nxd3 21. Rxd3 Kh8 22. Nf4 Bxa3 23. Rh3 Rg8 24. Rg4 Rg7 25. Rhg3 f5 26. Rg5 Be7 27. Nh5 Rgg8 28. Nf4 Bxg5 29. Rxg5 Rge8 30. Rg3 Rac8 31. c3 Rcd8 32. Rh3 Kg7 33. Re3 Kf6 34. Rh3 h5 35. Rg3 Rg8 36. b4 e5 37. Ne2 g5 38. f3 e4 39. fxe4 dxe4 40. Nd4 f4 41. Rg1 Rde8 42. Ra1 Re5 43. Nb3 e3 44. dxe3 fxe3 45. Nc5 e2 46. Nd7+ Kf5 47. Nxe5 Kxe5 48. Re1 Kd5 49. Rxe2 Rc8 50. Rd2+ Ke6 51. Re2+ Kd6 52. Rd2+ Ke6 53. Rd3 Ke5 54. Re3+ Kf4 55. Rd3 Ke4 56. Rd4+ Kf3 57. Rd7 Rxc3 58. Rd1 Re3 59. Rf1+ Kg4 60. Kg2 Re2+ 61. Kg1 Rb2 62. Rf2 Rxf2 63. Kxf2 Kf4 64. Kg2 g4 65. Kf2 b6 66. Ke2 a5 67. b5 h4 68. h3 gxh3 69. Kd3 h2 0-1

[Event "Nordic Girls CC 2025 U13"]
[Site "Fredericia"]
[Date "2025.04.26"]
[Round "3.1"]
[White "Xin, Lisa J"]
[Black "Jonsdottir, Halldora"]
[Result "1-0"]
[WhiteElo "1562"]
[BlackElo "1490"]
[EventDate "2025.04.25"]
[EventType "swiss"]
[EventRounds "5"]
[EventCountry "DEN"]
[SourceTitle "Live v. Kasper Jerwiarz"]

1. d4 d5 2. Nf3 Nf6 3. e3 Bf5 4. Bd3 Bxd3 5. cxd3 c6 6. Nc3 Nbd7 7. O-O e6 8. e4 Nb6 9. Bf4 Be7 10. h3 O-O 11. Re1 h6 12. Rc1 Rc8 13. Qb3 Re8 14. Rcd1 Qd7 15. Na4 Nxa4 16. Qxa4 a6 17. Qb3 c5 18. Ne5 Qc7 19. Ng6 c4 20. Nxe7+ Qxe7 21. dxc4 dxc4 22. Qa4 Qd7 23. Qxd7 Nxd7 24. f3 b5 25. d5 exd5 26. Rxd5 Nb6 27. Rd6 Na4 28. Re2 Nc5 29. Be3 a5 30. Rd5 Nd3 31. Rxb5 Ra8 32. Rc2 Rec8 33. Bd2 a4 34. a3 Rc7 35. Kf1 Kf8 36. Ke2 Ke7 37. Bb4+ Ke6 38. Rb6+ Kd7 39. Ke3 Nxb4 40. Rxb4 Kd6 41. Rbxc4 Rxc4 42. Rxc4 g5 43. Kd4 f6 44. Kc3 Ke5 45. b3 axb3 46. Kxb3 Kf4 47. Rc6 Rf8 48. a4 Kg3 49. Rc2 f5 50. e5 Re8 51. Re2 h5 52. a5 Re6 53. Kc4 g4 54. fxg4 hxg4 55. hxg4 fxg4 56. Kb5 Kf4 57. a6 Rxe5+ 58. Rxe5 Kxe5 59. a7 Kf4 60. a8=Q g3 61. Qf3+ Ke5 62. Qxg3+ Kf5 63. Qe3 Kf6 64. Qe4 Kf7 65. Qe5 Kg6 66. Qf4 Kg7 67. Qf5 Kh6 68. Qg4 Kh7 69. Kc6 Kh6 70. Kd6 Kh7 71. Ke6 Kh6 72. Kf7 Kh7 73. Qg7# 1-0

[Event "Nordic Girls CC 2025 U13"]
[Site "Fredericia"]
[Date "2025.04.26"]
[Round "3.2"]
[White "Tomasdottir, Katrin Osk"]
[Black "Jacobsen, Ane Elisabeth"]
[Result "0-1"]
[WhiteElo "1481"]
[BlackElo "1544"]
[EventDate "2025.04.25"]
[EventType "swiss"]
[EventRounds "5"]
[EventCountry "DEN"]
[SourceTitle "Live v. Kasper Jerwiarz"]

1. d4 f5 2. c4 e6 3. Nc3 Bb4 4. Nf3 Bxc3+ 5. bxc3 Nf6 6. Bg5 d6 7. e3 Nbd7 8. Bd3 h6 9. Bxf6 Nxf6 10. O-O O-O 11. Qb3 Kh8 12. Nh4 Qe8 13. Qb5 Qh5 14. Nf3 a6 15. Qb4 b6 16. c5 dxc5 17. dxc5 Nd5 18. Qa3 Bb7 19. cxb6 cxb6 20. Nd4 Qg6 21. Be2 Nxe3 22. g3 Nxf1 23. Rxf1 e5 24. Nc2 f4 25. Nb4 Qe4 26. f3 Qxe2 27. Qc1 fxg3 28. hxg3 Bxf3 29. Rf2 Qd1+ 30. Qxd1 Bxd1 31. Rd2 Rad8 32. Rb2 Bg4 33. Nxa6 Rd1+ 34. Kg2 Rfd8 35. a4 R8d2+ 36. Rxd2 Rxd2+ 37. Kg1 e4 38. c4 e3 39. Kf1 Rd1+ 40. Kg2 e2 41. c5 e1=Q 42. cxb6 Qe2# 0-1

[Event "Nordic Girls CC 2025 U13"]
[Site "Fredericia"]
[Date "2025.04.26"]
[Round "3.3"]
[White "Ostafiev, Sara"]
[Black "Sinitsyna, Julia"]
[Result "1-0"]
[WhiteElo "1529"]
[BlackElo "1436"]
[EventDate "2025.04.25"]
[EventType "swiss"]
[EventRounds "5"]
[EventCountry "DEN"]
[SourceTitle "Live v. Kasper Jerwiarz"]

1. e4 c6 2. d4 d5 3. exd5 cxd5 4. Bd3 Nf6 5. Nf3 Bg4 6. h3 Bh5 7. Nc3 e6 8. Bg5 Be7 9. Bf4 O-O 10. Qe2 Nc6 11. g4 Bg6 12. Bxg6 hxg6 13. g5 Nd7 14. h4 Bb4 15. h5 Bxc3+ 16. bxc3 gxh5 17. Rxh5 Re8 18. Kd2 f6 19. g6 e5 20. Rah1 Kf8 21. Rh8+ Ke7 22. R8h7 Kf8 23. dxe5 Ndxe5 24. Nxe5 Nxe5 25. Rh8+ Ke7 26. Rxe8+ Qxe8 27. Bxe5 fxe5 28. Qxe5+ Kd7 29. Qxg7+ Kc6 30. Qf6+ Kd7 31. Rh7+ Kc8 32. Rh8 Kd7 33. Rxe8 Rxe8 34. g7 Re6 35. Qxe6+ Kxe6 36. g8=Q+ Kd6 37. f4 b5 38. f5 Ke5 39. Qb8+ Kxf5 40. Qxb5 a6 41. Qxd5+ Kf6 42. Ke3 Ke7 43. Qb7+ Kd6 44. Qxa6+ Kc5 45. Qa5+ Kc4 46. Qb4+ Kd5 47. Qe4+ Kc5 48. Qd4+ Kb5 49. Kd3 Kc6 50. Qe5 Kb6 51. Kc4 Ka6 52. Qb5+ Ka7 53. Kc5 Ka8 54. Kc6 Ka7 55. Qb7# 1-0

[Event "Nordic Girls CC 2025 U13"]
[Site "Fredericia"]
[Date "2025.04.26"]
[Round "3.4"]
[White "Lallukka, Eloisa"]
[Black "Larsen, Maja Harbo"]
[Result "1-0"]
[WhiteElo "1635"]
[BlackElo "1639"]
[EventDate "2025.04.25"]
[EventType "swiss"]
[EventRounds "5"]
[EventCountry "DEN"]
[SourceTitle "Live v. Kasper Jerwiarz"]

1. e4 c6 2. d4 d5 3. exd5 cxd5 4. Nf3 Bf5 5. c3 e6 6. Bd3 Bg6 7. O-O Nf6 8. Bg5 Be7 9. Re1 Nbd7 10. Bc2 O-O 11. Nbd2 Qb6 12. Rb1 Rfe8 13. Bxg6 hxg6 14. Ne5 Rac8 15. Nf1 Rc7 16. Ng3 Nxe5 17. dxe5 Nd7 18. Bxe7 Rxe7 19. h4 Nc5 20. h5 Red7 21. hxg6 Ne4 22. gxf7+ Rxf7 23. Nxe4 dxe4 24. Qc2 Qa5 25. Rxe4 Qxa2 26. Rd1 Rcd7 27. Red4 Rd5 28. Rxd5 exd5 29. Re1 Re7 30. Qe2 a5 31. Qb5 a4 32. Kh1 Kh8 33. Qb6 Rxe5 34. Rxe5 Qb1+ 35. Kh2 Qh7+ 36. Kg1 Qb1+ 37. Kh2 Qh7+ 38. Kg3 Qd3+ 39. Re3 Qf5 40. Qd8+ Kh7 41. Qh4+ Kg8 42. Qg4 Qf7 43. Qe6 1-0

[Event "Nordic Girls CC 2025 U13"]
[Site "Fredericia"]
[Date "2025.04.26"]
[Round "3.5"]
[White "Hagen, Frida Bjerregaard"]
[Black "Sigurdardottir, Sigrun Tara"]
[Result "1-0"]
[WhiteElo "1804"]
[BlackElo "1421"]
[EventDate "2025.04.25"]
[EventType "swiss"]
[EventRounds "5"]
[EventCountry "DEN"]
[SourceTitle "Live v. Kasper Jerwiarz"]

1. e4 e6 2. d4 d5 3. exd5 exd5 4. Nf3 Nf6 5. Bd3 Bd6 6. O-O O-O 7. c3 h6 8. Nbd2 c6 9. Re1 Bg4 10. h3 Bh5 11. Qc2 Bxf3 12. Nxf3 Re8 13. Bd2 Nbd7 14. Re3 Qc7 15. Rae1 Rxe3 16. Rxe3 Re8 17. Qc1 Nb6 18. Rxe8+ Nxe8 19. Nh4 Qd7 20. Nf5 Bf8 21. Bb1 Nf6 22. Qc2 Nc4 23. Bc1 Nd6 24. Ne3 Nde4 25. f3 Nd6 26. Ng4 Nde8 27. Ne5 Qe6 28. g4 g6 29. f4 Nh7 30. f5 gxf5 31. gxf5 Qd6 32. Qg2+ Ng7 33. Ng4 h5 34. Nh6+ Qxh6 35. Bxh6 Nf6 36. Qg5 Ne4 37. Bxe4 dxe4 38. f6 1-0

[Event "Nordic Girls CC 2025 U13"]
[Site "Fredericia"]
[Date "2025.04.26"]
[Round "3.6"]
[White "Prokofieva, Alexandra"]
[Black "Berglindardottir, Emilia Embla B"]
[Result "0-1"]
[WhiteElo "1425"]
[BlackElo "1604"]
[EventDate "2025.04.25"]
[EventType "swiss"]
[EventRounds "5"]
[EventCountry "DEN"]
[SourceTitle "Live v. Kasper Jerwiarz"]

1. d4 d6 2. Nf3 Nf6 3. e3 g6 4. b3 Bg7 5. Bb2 Nbd7 6. Nbd2 O-O 7. Bc4 d5 8. Bd3 c5 9. c4 cxd4 10. Bxd4 dxc4 11. Bxc4 b6 12. O-O Bb7 13. Rc1 e6 14. Qe2 Qe7 15. Ne5 Ne4 16. Nxd7 Qxd7 17. Bxg7 Kxg7 18. Rfd1 Nxd2 19. Rxd2 Qc6 20. Qf3 Qxf3 21. gxf3 Bxf3 22. Ba6 Rfd8 23. Rdc2 Rd7 24. h3 Rad8 25. Kh2 Rd2 26. Kg3 Be4 27. Rxd2 Rxd2 28. a4 Rc2 29. Rxc2 Bxc2 30. Bc4 Kf6 31. Kf3 h5 32. Ke2 h4 33. Kd2 Bf5 34. Bf1 Ke5 35. f3 g5 36. Kc3 Kd6 37. Kc4 e5 38. e4 Be6+ 39. Kb4 a5+ 40. Kb5 Bxb3 41. Kxb6 Bxa4 42. Bc4 Bd7 43. Kxa5 Bxh3 44. Bxf7 Bg2 45. Bh5 h3 46. f4 gxf4 47. Bg4 h2 48. Be2 h1=Q 49. Kb6 Qb1+ 50. Bb5 Bf1 51. Ka7 Qxb5 52. Ka8 Kc7 53. Ka7 Qb7# 0-1

[Event "Nordic Girls CC 2025 U13"]
[Site "Fredericia"]
[Date "2025.04.26"]
[Round "3.7"]
[White "Chen, Isabella"]
[Black "Hagen, Vilje Bjerregaard"]
[Result "1-0"]
[WhiteElo "1597"]
[BlackElo "1200"]
[EventDate "2025.04.25"]
[EventType "swiss"]
[EventRounds "5"]
[EventCountry "DEN"]
[SourceTitle "Live v. Kasper Jerwiarz"]

1. e4 e5 2. Nf3 Nc6 3. d4 exd4 4. Nxd4 d6 5. Bb5 Bd7 6. O-O Be7 7. Nc3 Nf6 8. Nxc6 Bxc6 9. Bxc6+ bxc6 10. Bg5 O-O 11. Re1 Re8 12. e5 dxe5 13. Rxe5 Qb8 14. Rb1 Bf8 15. Bxf6 gxf6 16. Qg4+ Bg7 17. Rxe8+ Qxe8 18. Ne4 Qe7 19. Ng3 Re8 20. Qxg7+ Kxg7 21. Nf5+ Kf8 22. Nxe7 Rxe7 23. Kf1 a6 24. Re1 Rxe1+ 25. Kxe1 h5 26. Ke2 h4 27. Kf3 h3 28. gxh3 a5 29. Ke4 f5+ 30. Kxf5 Ke7 31. h4 f6 32. h5 c5 33. h6 Kf7 34. h7 Kg7 35. h8=Q+ Kxh8 36. Kxf6 c4 37. f4 c3 38. bxc3 c5 39. f5 c4 40. Ke7 a4 41. f6 a3 42. f7 Kg7 43. f8=Q+ Kh7 44. Ke6 Kg6 45. Qg8+ Kh6 46. Kf5 Kh5 47. Qg5# 1-0

[Event "Nordic Girls CC 2025 U13"]
[Site "Fredericia"]
[Date "2025.04.26"]
[Round "3.8"]
[White "Morkore, Natasja"]
[Black "Karlsdottir, Harpa Hrafney"]
[Result "0-1"]
[WhiteElo "1411"]
[BlackElo "1587"]
[EventDate "2025.04.25"]
[EventType "swiss"]
[EventRounds "5"]
[EventCountry "DEN"]
[SourceTitle "Live v. Kasper Jerwiarz"]

1. e4 e5 2. Nf3 Nc6 3. Bc4 Bc5 4. d3 d6 5. c3 Nf6 6. Bg5 h6 7. Bh4 g5 8. Bg3 Qe7 9. O-O g4 10. Nfd2 Nh5 11. Bb5 Bd7 12. Bxc6 Nxg3 13. Bxd7+ Qxd7 14. hxg3 h5 15. Nb3 Bb6 16. d4 h4 17. Qd3 h3 18. gxh3 Rxh3 19. a4 O-O-O 20. f4 Qe6 21. N1d2 a6 22. Kf2 exf4 23. Rg1 Qf6 24. Ke1 f3 25. Kd1 Rdh8 26. e5 dxe5 27. Ne4 Qe6 28. Ra3 Rh1 29. Rxh1 Rxh1+ 30. Kc2 Rh2+ 31. Kc1 f2 32. Nbd2 f5 33. Nc5 Bxc5 34. dxc5 e4 35. Qe2 e3 36. Nf1 Rh1 37. Kc2 Rxf1 38. Qxf1 e2 39. Qh1 e1=Q 40. Qh8+ Qe8 41. Qxe8+ Qxe8 42. Ra1 Qe2+ 43. Kb3 f1=Q 44. Rxf1 Qxf1 0-1

[Event "Nordic Girls CC 2025 U13"]
[Site "Fredericia"]
[Date "2025.04.26"]
[Round "3.9"]
[White "Zhong, Qianru"]
[Black "Vesterbaek, Mathilde Rath"]
[Result "1-0"]
[WhiteElo "1590"]
[BlackElo "1604"]
[EventDate "2025.04.25"]
[EventType "swiss"]
[EventRounds "5"]
[EventCountry "DEN"]
[SourceTitle "Live v. Kasper Jerwiarz"]

1. d4 d5 2. c4 e6 3. Nc3 a6 4. Nf3 dxc4 5. a4 Bb4 6. e3 Nf6 7. Bxc4 Nd5 8. Bd2 Nc6 9. O-O O-O 10. Bd3 h6 11. e4 Nf6 12. Be3 Ba5 13. h3 Re8 14. Bc2 e5 15. dxe5 Qxd1 16. Raxd1 Nxe5 17. Nxe5 Rxe5 18. f4 Re8 19. e5 Nh7 20. Rf2 f6 21. Bg6 Rf8 22. Bc5 Bb6 23. Bxh7+ Kxh7 24. Bxf8 Bxf2+ 25. Kxf2 Bxh3 26. Be7 Bg4 27. Rd8 Rxd8 28. Bxd8 fxe5 29. fxe5 c6 30. b4 Kg6 31. Bc7 Kf5 32. Kg3 g5 33. e6 Bh5 34. e7 Be8 35. Kh3 g4+ 36. Kh4 h5 37. g3 Ke6 38. Bd8 Kf5 39. Ne2 Kf6 40. Nf4 b5 41. Nxh5+ Kf7 42. axb5 axb5 43. Kg5 c5 44. Nf6 cxb4 45. Nxe8 Kxe8 46. Ba5 Kxe7 47. Bxb4+ Kf7 48. Kxg4 Kg6 49. Bd2 Kf6 50. Kh5 Kg7 51. g4 Kf7 52. Kh6 Kg8 53. g5 Kh8 54. g6 Kg8 55. g7 b4 56. Bxb4 Kf7 57. Kh7 Kf6 58. g8=Q Ke5 59. Qg4 Kd5 60. Qf4 Ke6 61. Qg5 Kd7 62. Qf6 Kc7 63. Qe6 Kb7 64. Qd6 Ka7 65. Qc6 Kb8 66. Qd7 Ka8 67. Bc5 Kb8 68. Kg7 Ka8 69. Qa7# 1-0

[Event "Nordic Girls CC 2025 U13"]
[Site "Fredericia"]
[Date "2025.04.26"]
[Round "3.10"]
[White "Skytte, Amanda"]
[Black "Le, Ha Tran Dieu"]
[Result "0-1"]
[WhiteElo "1335"]
[BlackElo "1586"]
[EventDate "2025.04.25"]
[EventType "swiss"]
[EventRounds "5"]
[EventCountry "DEN"]
[SourceTitle "Live v. Kasper Jerwiarz"]

1. e4 e5 2. Nf3 Nc6 3. Bc4 Bc5 4. O-O Nf6 5. c3 O-O 6. d4 Bb6 7. dxe5 Ng4 8. h3 Ngxe5 9. Nxe5 Nxe5 10. Be2 d6 11. Nd2 Qh4 12. Nf3 Qxe4 13. Nxe5 Qxe5 14. Qd3 Bf5 15. Qf3 Be4 16. Qg4 Qf5 17. Qg3 Qg6 18. Qh2 Rfe8 19. Re1 Bd3 20. Bxd3 Rxe1+ 21. Bf1 Qd3 22. Qf4 Qxf1+ 23. Kh2 Bxf2 24. h4 Qh1# 0-1

[Event "Nordic Girls CC 2025 U13"]
[Site "Fredericia"]
[Date "2025.04.26"]
[Round "3.11"]
[White "Harpsoe, Naya"]
[Black "Zhu, Stella"]
[Result "1-0"]
[WhiteElo "1451"]
[BlackElo "1448"]
[EventDate "2025.04.25"]
[EventType "swiss"]
[EventRounds "5"]
[EventCountry "DEN"]
[SourceTitle "Live v. Kasper Jerwiarz"]

1. e4 e6 2. Nf3 d5 3. exd5 exd5 4. d4 Bd6 5. Nc3 Nf6 6. Bd3 c6 7. O-O O-O 8. Ne5 Nbd7 9. Re1 Re8 10. Bf4 Qc7 11. h3 Nxe5 12. dxe5 Bxe5 13. Bxe5 Rxe5 14. Rxe5 Qxe5 15. Qf3 Bd7 16. Rd1 Re8 17. Bf1 Bf5 18. Bd3 Bxd3 19. Qxd3 Qg5 20. Rd2 Re1+ 21. Kh2 Qe5+ 22. g3 h6 23. Re2 Rxe2 24. Qxe2 Qxe2 25. Nxe2 Kh7 26. Kg2 Kg6 27. Nf4+ Kf5 28. Kf3 Ke5 29. Nd3+ Kd4 30. Kf4 Nh5+ 31. Kf3 c5 32. Nc1 c4 33. Ne2+ Ke5 34. c3 a5 35. Nd4 Nf6 36. Ke3 Ne4 37. Nf3+ Kf5 38. g4+ Ke6 39. Nd4+ Ke5 40. f4+ Kd6 41. Nf5+ Ke6 42. Nxg7+ Kf6 43. Ne8+ Ke7 44. Nc7 Kd6 45. Nb5+ Kc6 46. Nd4+ Kd6 47. Nf5+ Ke6 48. Nxh6 f6 49. Nf5 Kd7 50. h4 Ke8 51. Kd4 Nf2 52. g5 fxg5 53. fxg5 Kf8 54. g6 Kg8 55. h5 Ng4 56. Kxd5 Nf6+ 57. Ke6 Nxh5 58. Nd6 Nf4+ 59. Kd7 Nxg6 60. Nxb7 a4 61. Kd6 Nf4 62. Nc5 Nd3 63. Nxa4 Kf7 64. b4 cxb3 65. axb3 Ke8 66. b4 Kd8 67. b5 Kc8 68. c4 Kb7 69. c5 Nb4 70. c6+ Kc8 71. Nb6+ Kb8 72. c7+ Kb7 73. c8=Q+ Kxb6 74. Qb8+ Ka5 75. Qb7 Ka4 76. b6 Kb5 77. Qe4 Na6 78. Qc6+ Kb4 79. Qc8 Kb5 80. b7 Kb4 81. b8=Q+ Nxb8 82. Qxb8+ Kc4 83. Ke5 Kd3 84. Qb4 Ke3 85. Qb3+ Kf2 86. Ke4 Kg2 87. Kf4 Kf2 88. Qb2+ Kg1 89. Kf3 1-0

[Event "Nordic Girls CC 2025 U13"]
[Site "Fredericia"]
[Date "2025.04.26"]
[Round "3.12"]
[White "Efimova, Paulina"]
[Black "Sinding, Mille"]
[Result "0-1"]
[WhiteElo "1200"]
[BlackElo "1500"]
[EventDate "2025.04.25"]
[EventType "swiss"]
[EventRounds "5"]
[EventCountry "DEN"]
[SourceTitle "Live v. Kasper Jerwiarz"]

1. e4 d6 2. d4 Nf6 3. Bd3 g6 4. c3 Bg7 5. Bg5 O-O 6. Nf3 b6 7. O-O Bb7 8. Re1 Nbd7 9. e5 dxe5 10. Nxe5 Nxe5 11. dxe5 Nd7 12. e6 fxe6 13. Bc4 Nc5 14. Bxe6+ Nxe6 15. Qb3 Bd5 16. c4 Nxg5 17. cxd5 Kh8 18. Nc3 Qd7 19. h3 Bd4 20. Re2 Qf5 21. Rf1 Nxh3+ 22. gxh3 Qxh3 23. Ne4 Rf3 24. Qd1 Qg4+ 25. Ng3 Rxg3+ 0-1

[Event "Nordic Girls CC 2025 U13"]
[Site "Fredericia"]
[Date "2025.04.26"]
[Round "3.13"]
[White "Jensen, Helena Egilstrod"]
[Black "Skibina, Miroslava"]
[Result "1-0"]
[WhiteElo "1331"]
[BlackElo "1427"]
[EventDate "2025.04.25"]
[EventType "swiss"]
[EventRounds "5"]
[EventCountry "DEN"]
[SourceTitle "Live v. Kasper Jerwiarz"]

1. e4 d5 2. d3 dxe4 3. Nc3 exd3 4. Bxd3 Nc6 5. Bf4 e5 6. Bg3 Bb4 7. Nge2 f6 8. a3 Ba5 9. O-O Be6 10. b4 Bb6 11. b5 Nd4 12. Rb1 Nxe2+ 13. Bxe2 Qxd1 14. Rbxd1 Bd4 15. Ne4 f5 16. Ng5 Bd7 17. c3 h6 18. Nf3 Bxc3 19. Nxe5 Bxe5 20. Bxe5 Rh7 21. Bh5+ Kf8 22. Bg6 Rh8 23. Rxd7 Nf6 24. Rxc7 b6 25. Rfc1 Rg8 26. Bd6# 1-0

[Event "Nordic Girls CC 2025 U13"]
[Site "Fredericia"]
[Date "2025.04.26"]
[Round "3.14"]
[White "Fleischer, Sofie Emilie Jilso"]
[Black "Jensen, Melina Hjort Osterskov"]
[Result "0-1"]
[WhiteElo "1200"]
[BlackElo "1500"]
[EventDate "2025.04.25"]
[EventType "swiss"]
[EventRounds "5"]
[EventCountry "DEN"]
[SourceTitle "Live v. Kasper Jerwiarz"]

1. e4 e5 2. d3 Nc6 3. Nc3 Nf6 4. Be3 Bb4 5. Bd2 d6 6. h4 Ng4 7. Be3 Nxe3 8. Qe2 Bxc3+ 9. Qd2 Bxd2+ 10. Ke2 Nxc2 11. Rd1 Bg4+ 12. Nf3 Bxf3+ 13. gxf3 Bf4 14. Rc1 N2d4+ 15. Rd1 Nb4+ 16. Rg1 g6+ 17. Rg4 h5+ 18. Rg1 Qxh4+ 19. Rd2 Bxd2+ 20. Kxd2 Nxa2 21. Bg2 Qxf2+ 22. Kd1 Qxg1+ 23. Kd2 Qxg2+ 24. Kd1 Qxf3+ 25. Ke1 Qe2# 0-1

[Event "Nordic Girls CC 2025 U13"]
[Site "Fredericia"]
[Date "2025.04.26"]
[Round "3.15"]
[White "Chatleh, Leen"]
[Black "Andersen, Andrea Kildebjerg"]
[Result "0-1"]
[WhiteElo "1205"]
[BlackElo "1363"]
[EventDate "2025.04.25"]
[EventType "swiss"]
[EventRounds "5"]
[EventCountry "DEN"]
[SourceTitle "Live v. Kasper Jerwiarz"]

1. e4 e5 2. Nf3 Nc6 3. Nc3 Nf6 4. Bb5 Bb4 5. a3 Bxc3 6. dxc3 d6 7. Bg5 Bd7 8. O-O O-O 9. Bxf6 Qxf6 10. c4 Qg6 11. Nh4 Qxe4 12. g3 a6 13. Bxc6 Bxc6 14. Re1 Qh1# 0-1